| 000 | 00410 a2200109 4500 | ||
|---|---|---|---|
| 020 | _a9040719659 | ||
| 082 | _a624.193 WAA | ||
| 100 | _aWaal, Ronald Gerardus Adriaan DE | ||
| 245 |
_aSteel Fiber Reinforced Tunnel Segments for the Application in Shield Driven Tunnel Linings/ _cRonald Gerardus Adriaan DE Waal |
||
| 260 |
_aNetherlands : _bDelft University Press, _c2000 |
||
| 300 |
_a202p. : _bill. ; _c30 cm |
||
| 650 | _aSteel Fiber -- Tunnels | ||
| 999 |
_c1432 _d1432 |
||